Statistics for Current Football Players That Have Dual Nationality

Click here to take the quiz!

General Stats

  • This quiz has been taken 46 times
  • The average score is 9 of 20

Answer Stats

NationalityFootballer% Correct
Spanish - BrazilianDiego Costa
83%
German - GhanaianKevin Prince Boateng
79%
German - TurkishMesut Ozil
76%
German - PolishLukas Podolski
74%
English - JamaicanRaheem Sterling
62%
Swiss - AlbanianXherdan Shaqiri
62%
French - AlgerianKarim Benzema
60%
German - PolishMiroslav Klose
60%
Belgium - MoroccoMarouane Fellaini
48%
German - TunisianSami Khedira
45%
Italian - BrazilianThiago Motta
45%
German - SpanishMario Gomez
36%
Belgian - AlbanianAdnan Januzaj
33%
Italian - AmericanGuiseppe Rossi
33%
German - AlbanianShkodran Mustafi
26%
Greek - German/UruguayanJose Holebas
14%
German - MoroccanKarim Bellarabi
10%
English - IrishHarry Kane
7%
German - TurkishIlkay Gundogan
5%
Belgian - MoroccanNacer Chadli
5%

Score Distribution

Percentile by Number Answered

Percent of People with Each Score

Your Score History

You have not taken this quiz